<?xml version="1.0" encoding="UTF-8"?>
<record
    xmlns:xsi="http://www.w3.org/2001/XMLSchema-instance"
    xsi:schemaLocation="http://www.loc.gov/MARC21/slim http://www.loc.gov/standards/marcxml/schema/MARC21slim.xsd"
    xmlns="http://www.loc.gov/MARC21/slim">

  <leader>01036nam a22002417a 4500</leader>
  <controlfield tag="001">58335</controlfield>
  <controlfield tag="003">BD-RjUL</controlfield>
  <controlfield tag="005">20211209080617.0</controlfield>
  <controlfield tag="008">161218s1968    ii ||||| |||| 00| 0 ben d</controlfield>
  <datafield tag="020" ind1=" " ind2=" ">
    <subfield code="c">: IRs 35.00 </subfield>
  </datafield>
  <datafield tag="035" ind1=" " ind2=" ">
    <subfield code="a">(BD-RjUL) 58459</subfield>
  </datafield>
  <datafield tag="040" ind1=" " ind2=" ">
    <subfield code="a">BD-RjUL</subfield>
    <subfield code="b">ben </subfield>
    <subfield code="c">BD-RjUL</subfield>
  </datafield>
  <datafield tag="041" ind1=" " ind2=" ">
    <subfield code="a">ben </subfield>
  </datafield>
  <datafield tag="082" ind1=" " ind2=" ">
    <subfield code="2">23 </subfield>
    <subfield code="a">306.095405</subfield>
    <subfield code="b">GHB 1968 </subfield>
  </datafield>
  <datafield tag="100" ind1=" " ind2=" ">
    <subfield code="a">&#x998;&#x9CB;&#x9B7;, &#x9AC;&#x9BF;&#x9A8;&#x9AF;&#x9BC; </subfield>
    <subfield code="9">135804</subfield>
  </datafield>
  <datafield tag="245" ind1="1" ind2="0">
    <subfield code="a">&#x9AC;&#x9BE;&#x982;&#x9B2;&#x9BE;&#x9B0; &#x9B8;&#x9BE;&#x9AE;&#x9BE;&#x99C;&#x9BF;&#x995; &#x987;&#x9A4;&#x9BF;&#x9B9;&#x9BE;&#x9B8;&#x9C7;&#x9B0; &#x9A7;&#x9BE;&#x9B0;&#x9BE; &#x9E7;&#x9EE;&#x9E6;&#x9E6;-&#x9E7;&#x9EF;&#x9E6;&#x9E6; / </subfield>
    <subfield code="c">&#x9AC;&#x9BF;&#x9A8;&#x9AF;&#x9BC; &#x998;&#x9CB;&#x9B7; </subfield>
  </datafield>
  <datafield tag="260" ind1=" " ind2=" ">
    <subfield code="a">&#x995;&#x9B2;&#x9BF;&#x995;&#x9BE;&#x9A4;&#x9BE; :</subfield>
    <subfield code="b">&#x9AA;&#x9BE;&#x9A0;&#x9AD;&#x9AC;&#x9A8;, </subfield>
    <subfield code="c">&#x9E7;&#x9EF;&#x9EC;&#x9EE; </subfield>
  </datafield>
  <datafield tag="300" ind1=" " ind2=" ">
    <subfield code="a"> &#x996;&#x9A3;&#x9CD;&#x9A1; :</subfield>
    <subfield code="b">&#x99A;&#x9BF;&#x9A4;&#x9CD;&#x9B0; ;</subfield>
    <subfield code="c">&#x9E8;&#x9E7; &#x9B8;&#x9C7;&#x9AE;&#x9BF;. </subfield>
  </datafield>
  <datafield tag="505" ind1="0" ind2=" ">
    <subfield code="a">&#x996;&#x9A3;&#x9CD;&#x9A1; &#x9EB; : &#x9B8;&#x9BE;&#x9AE;&#x9AF;&#x9BC;&#x9BF;&#x995;&#x9AA;&#x9A4;&#x9CD;&#x9B0;&#x9C7; &#x9AC;&#x9BE;&#x982;&#x9B2;&#x9BE;&#x9B0; &#x9B8;&#x9AE;&#x9BE;&#x99C;&#x99A;&#x9BF;&#x9A4;&#x9CD;&#x9B0; --</subfield>
  </datafield>
  <datafield tag="650" ind1=" " ind2=" ">
    <subfield code="a">&#x9B8;&#x9BE;&#x9AE;&#x9BE;&#x99C;&#x9BF;&#x995; &#x985;&#x9AC;&#x9B8;&#x9CD;&#x9A5;&#x9BE; </subfield>
    <subfield code="x">&#x9B8;&#x9BE;&#x9AE;&#x9AF;&#x9BC;&#x9BF;&#x995;&#x9C0;</subfield>
    <subfield code="z">&#x9AC;&#x9BE;&#x982;&#x9B2;&#x9BE; (&#x9AD;&#x9BE;&#x9B0;&#x9A4;)</subfield>
    <subfield code="9">135805</subfield>
  </datafield>
  <datafield tag="650" ind1=" " ind2=" ">
    <subfield code="a">Social Condition</subfield>
    <subfield code="x">Periodicals</subfield>
    <subfield code="z"> Bengali (India)</subfield>
    <subfield code="9">135806</subfield>
  </datafield>
  <datafield tag="942" ind1=" " ind2=" ">
    <subfield code="2">ddc</subfield>
    <subfield code="c">BK</subfield>
  </datafield>
  <datafield tag="999" ind1=" " ind2=" ">
    <subfield code="c">58335</subfield>
    <subfield code="d">58335</subfield>
  </datafield>
  <datafield tag="952" ind1=" " ind2=" ">
    <subfield code="0">0</subfield>
    <subfield code="1">0</subfield>
    <subfield code="2">ddc</subfield>
    <subfield code="4">0</subfield>
    <subfield code="7">1</subfield>
    <subfield code="8">NFIC</subfield>
    <subfield code="a">RUCL</subfield>
    <subfield code="b">RUCL</subfield>
    <subfield code="c">Reading</subfield>
    <subfield code="d">1979-01-13</subfield>
    <subfield code="e">Kolikata, India International</subfield>
    <subfield code="g">17.00</subfield>
    <subfield code="l">0</subfield>
    <subfield code="o">B 306.095405 GHB V-5 1968</subfield>
    <subfield code="r">2016-12-18 00:00:00</subfield>
    <subfield code="t">C-1</subfield>
    <subfield code="w">2016-12-18</subfield>
    <subfield code="y">BK</subfield>
  </datafield>
</record>
